Releer a Rilke
সংরক্ষণ করুন:
| প্রধান লেখক: | |
|---|---|
| বিন্যাস: | গ্রন্থ |
| ভাষা: | স্প্যানিশ |
| প্রকাশিত: |
Barcelona
Acantilado
2017
|
| সংস্করন: | 1a. ed |
| মালা: | Cuadernos del Acantilado, 77
|
| বিষয়গুলি: | |
| ট্যাগগুলো: |
ট্যাগ যুক্ত করুন
কোনো ট্যাগ নেই, প্রথমজন হিসাবে ট্যাগ করুন!
|
MARC
| LEADER | 00000cam a2200000 a 4500 | ||
|---|---|---|---|
| 001 | UCC8039 | ||
| 003 | CL-VaPUC | ||
| 005 | 20250318121538.0 | ||
| 008 | 190524e20170000sp |||||||||||||||||spa|d | ||
| 020 | |a 9788416748310 | ||
| 040 | |c Pontificia Universidad Católica de Valparaíso | ||
| 082 | 0 | 4 | |a 891.85 |b ZAG |2 21 |
| 100 | 0 | |a Zagajewski, Adam |e author |9 602739 | |
| 245 | 1 | 0 | |a Releer a Rilke |
| 250 | |a 1a. ed | ||
| 260 | |a Barcelona |b Acantilado |c 2017 | ||
| 300 | |a 63 p | ||
| 490 | 0 | |a Cuadernos del Acantilado, 77 | |
| 583 | |a last modification |c 20190524 12:30:00 |k Rodrigo Vera | ||
| 600 | 0 | |a Rilke, Rainer Maria |9 265571 | |
| 650 | 7 | |a ENSAYOS POLACOS |2 CL-VaPUC |9 450244 | |
| 650 | 7 | |a LITERATURA POLACA |2 CL-VaPUC |9 353031 | |
| 942 | |c BK | ||
| 945 | |d 20190524 12:30:00 |a dcastane | ||
| 999 | |c 374487 |d 374485 | ||
| 952 | |0 0 |1 0 |3 erb |4 0 |6 891_850000000000000_ZAG_2017 |7 0 |8 A |9 493044 |a BIBART |b BIBART |i 5550181 |l 1 |o 891.85 ZAG 2017 |p 5550181 |r 2025-03-13 |s 2024-08-07 |w 2019-11-24 |y BK |z Catalogado en:20190524 |k ART | ||